Great issues concerning freedom /

Bibliographic Details
Main Author: Read, Waldemer P.
Format: Book
Language:English
Published: [Salt Lake City] : University of Utah Press, [1962]
Series:Utah. University. The great issues forum, 1961-1962
Subjects:

MARC

Tag First Indicator Second Indicator Subfields
LEADER 00000cam a2200000 4500
001 in00000060652
005 20151008050535.0
008 720313s1962 utu 00000 eng u
010 |a  62063621  
035 |a (OCoLC)00262128 
035 |9 AAG1676AM 
040 |c WSU  |d TXA  |d UtOrBLW 
049 |a TXAM  |c 1 [357641]  |c 2 [357642] 
050 0 |a HM271  |b .R4 
090 |a HM271  |b .R4 1962 
092 |a 323.44  |b R284g 
100 1 |a Read, Waldemer P. 
245 1 0 |a Great issues concerning freedom /  |c Edited and with an introd. by Waldemer P. Read. 
264 1 |a [Salt Lake City] :  |b University of Utah Press,  |c [1962] 
300 |a 138 pages 
336 |a text  |b txt  |2 rdacontent 
337 |a unmediated  |b n  |2 rdamedia 
338 |a volume  |b nc  |2 rdacarrier 
490 0 |a Utah. University. The great issues forum, 1961-1962 
650 0 |a Liberty. 
999 |a MARS 
999 f f |s 1d6161f5-42f7-39df-af3c-88997da9dda0  |i e8cf8ad9-480e-32f0-a51a-5dcc5eff43bf  |t 0 
952 f f |p normal  |a Texas A&M University  |b College Station  |c Sterling C. Evans Library  |d Evans: Library Stacks  |t 0  |e HM271 .R4 1962  |h Library of Congress classification  |i unmediated -- volume  |m A14800666900 
998 f f |a HM271 .R4 1962  |t 0  |l Evans: Library Stacks